| 000 | 00621nam a2200229 a 4500 | ||
|---|---|---|---|
| 001 | BRCA_7945 | ||
| 005 | 20190320210050.0 | ||
| 008 | 100314t19691952enka###f##---#000-0#eng-# | ||
| 041 | _aeng | ||
| 044 | _aenk | ||
| 050 | 4 |
_aNK2808 _b.M39 _c1969 |
|
| 100 | 1 |
_aDelabere May, C. J. _919684 |
|
| 245 | 1 | 0 |
_aHow identify Persian rugs and other oriental rugs _cC. J. Delabere May. |
| 260 |
_aLondon _bBell _c1969 |
||
| 300 |
_a152 p. _bil., 27 láminas _c19 cm. |
||
| 500 | _a3038 | ||
| 650 | 1 | 4 |
_aAlfombras persas _919685 |
| 650 | 1 | 4 |
_aTapetes orientales _97601 |
| 650 | 1 | 4 |
_aTapices _91909 |
| 902 | _aGFM | ||
| 942 |
_2lcc _cB |
||
| 999 |
_c7614 _d7614 |
||